Departamento coordinador de centros universitarios: un aporte al desarrollo de la educación superior
Guardat en:
| Autor corporatiu: | |
|---|---|
| Format: | Llibre |
| Idioma: | espanyol |
| Publicat: |
Santiago
Universidad de Chile
1968
|
| Matèries: | |
| Etiquetes: |
Afegir etiqueta
Sense etiquetes, Sigues el primer a etiquetar aquest registre!
|
MARC
| LEADER | 00000nam a2200000 a 4500 | ||
|---|---|---|---|
| 001 | UCU1120 | ||
| 003 | CL-VaPUC | ||
| 008 | 960329e19680000CL |||||||||||||||||spa|d | ||
| 082 | 0 | 4 | |a 378.1 |b UNI |2 21 |
| 110 | 2 | |a Universidad de Chile |e author |9 356723 | |
| 245 | 1 | 0 | |a Departamento coordinador de centros universitarios: un aporte al desarrollo de la educación superior |
| 300 | |a 116 p | ||
| 942 | |c BK | ||
| 945 | |d 19960329 00:00:00 |a lriquelm | ||
| 260 | |a Santiago |b Universidad de Chile |c 1968 | ||
| 650 | 0 | |a Universidades |9 256317 | |
| 650 | 0 | |a Educación superior |9 223851 | |
| 650 | 0 | |a Planificación de la educación |9 307333 | |
| 650 | 7 | |a PLANES EDUCACIONALES |2 CL-VaPUC |9 340232 | |
| 650 | 0 | |a Métodos de enseñanza |9 270413 | |
| 650 | 0 | |a Evaluación de la educación |9 237505 | |
| 650 | 7 | |a BIENESTAR EDUCACIONAL |2 CL-VaPUC |9 351449 | |
| 583 | |a last modification |c 19960329 00:00:00 |k Rodrigo Vera | ||
| 999 | |c 245861 |d 245859 | ||
| 952 | |0 0 |1 0 |4 0 |6 378_100000000000000_UNI_1968 |7 0 |8 P |9 260474 |a BIBEDU |b BIBEDU |c BIBEDU_PB |d 2019-11-19 |i 1622463 |o 378.1 UNI 1968 |p 1622463 |r 2024-01-25 |w 2019-11-19 |y BK |k EDU | ||